British and Irish literature - Statistics

General Stats
  • This quiz has been taken 2,456 times
    275 since last reset
  • The average score is 24 of 35
Answer Stats
Work Author % Correct
Romeo and Juliet William Shakespeare
99%
Harry Potter saga Joanne Rowling
98%
Jane Eyre: An Autobiography Charlotte Brontë
96%
Wuthering Heights Emily Brontë
96%
Murder on the Orient Express Agatha Christie
95%
Pride and Prejudice Jane Austen
95%
The Lord of the Rings John Ronald R. Tolkien
95%
Frankenstein; or, The Modern Prometheus Mary Shelley
95%
Nineteen Eighty-Four George Orwell
94%
The Canterbury Tales Geoffrey Chaucer
93%
Dracula Bram Stoker
91%
Oliver Twist; or, the Parish Boy's Progress Charles Dickens
91%
The Jungle Book Rudyard Kipling
91%
Ulysses James Joyce
90%
Sherlock Holmes saga Arthur Conan Doyle
88%
The Picture of Dorian Gray Oscar Wilde
88%
James Bond saga Ian Fleming
85%
The War of the Worlds Herbert George Wells
76%
Paradise Lost John Milton
76%
Gulliver's Travels Jonathan Swift
71%
The Life and Strange Surprising Adventures of Robinson Crusoe Daniel Defoe
70%
Lord of the Flies William Golding
70%
To the Lighthouse Virginia Woolf
61%
The Strange Case of Dr. Jekyll and Mr. Hyde Robert Louis Stevenson
59%
Waiting for Godot* Samuell Beckett
57%
Ivanhoe Walter Scott
49%
The Rime of the Ancient Mariner Samuel Taylor Coleridge
44%
Hours of Idleness George Gordon Byron
38%
Endymion John Keats
37%
Lyrical Ballads William Wordsworth
34%
The Tragical History of Life and Death of Doctor Faustus Christopher Marlowe
32%
Songs of Innocence and of Experience William Blake
32%
La Morte d'Arthur Thomas Malory
22%
The Castle of Otranto Horace Walpole
12%
The Old Huntsman and Other Poems Siegfried Sassoon
4%
No matching quizzes found
Score Distribution
Percent of People with Each Score
Percentile by Number Answered
Your Score History
You have not taken this quiz since the last reset